[Event "Teplice Open 2017"]
[Site "Teplice"]
[Date "2017.06.14"]
[Round "5"]
[White "Vlasak, Lukas"]
[Black "Demuth, Adrien"]
[Result "1/2-1/2"]
[WhiteElo "2338"]
[BlackElo "2548"]
[Annotator "TA"]
[PlyCount "167"]
[EventDate "2017.??.??"]
[EventCountry "CZE"]
[SourceTitle "playchess.com"]
[Source "ChessBase"]
[SourceQuality "1"]

{[%evp 9,167,16,14,8,8,10,8,0,9,10,6,0,6,0,0,-5,0,-6,-20,-12,0,-27,-27,-37,-38,-28,6,-10,-10,-10,-10,-10,-13,-10,-9,-27,-30,-30,-25,-30,-30,-49,-45,-68,-81,-72,-76,-62,-54,-47,-49,-67,-81,-93,-102,-113,-108,-137,-131,-176,-92,-87,-83,-86,-80,-80,-79,-80,-72,-137,-124,-195,-161,-158,-139,-197,-127,-128,-127,-150,-150,-204,-152,-159,-156,-179,-174,-174,-174,-175,-174,-174,-174,-198,-71,-72,-71,-71,-51,-51,-51,-51,-51,-51,-44,-51,-44,-44,-3,-3,0,-3,-3,-3,-3,-44,-3,-3,0,0,0,-3,0,-44,-44,-44,-3,-44,-3,-3,-3,-3,-3,-44,0,-44,-3,-3,0,0,0,0,0,0,0,0,0,0,0,0,0,0,0,0,0,0,0,0,0,0]} 1. e4 c5 2. Nf3 d6 3. Bb5+ Nd7 4. O-O a6 5. Bd3 Ngf6 6. Re1 {B51: Sicilian: Moscow Variation (3 Bb5+) without 3...Bd7} e6 7. c3 b5 8. Bc2 c4 9. d4 cxd3 $1 10. Bxd3 Bb7 11. a4 bxa4 12. Qxa4 Be7 13. Nbd2 $146 ({Predecessor:} 13. h3 O-O 14. Be3 Qc7 15. Nbd2 Rfb8 16. Qa5 Bd8 17. Qxc7 Bxc7 18. b4 {½-½ (18) Nakamura,H (2785)-Vachier Lagrave,M (2796) Sharjah 2017}) 13... O-O 14. b4 Qc7 (14... a5 $5 15. b5 Nc5 $11) 15. Bb2 d5 16. e5 Ng4 {[%cal Rg4e5]} 17. c4 a5 18. bxa5 (18. b5 $5 {[%cal Rc4d5]}) 18... Nc5 19. Qc2 Nxd3 20. Qxd3 Rxa5 21. Rxa5 Qxa5 22. cxd5 Qxd5 23. Qxd5 Bxd5 24. h3 Nh6 25. Rc1 Rb8 26. Bd4 Nf5 $36 {[%mdl 2048] Black is really pushing.} 27. Bc5 Rc8 (27... Ra8 {feels hotter.} 28. Bxe7 Nxe7 29. Nd4 Ng6 30. N2f3 h6) 28. Ba3 Rxc1+ 29. Bxc1 Bb4 30. Bb2 g5 31. Kh2 h6 32. g4 Ne7 33. Kg3 Ng6 34. Bd4 {[#]} Kg7 (34... f6 $1 $19 {[%mdl 512]} 35. Be3 (35. exf6 Bd6+) 35... fxe5) 35. Nf1 Nf4 36. Ng1 Kg6 37. Ne3 Bc6 38. h4 {[#]} f6 $1 {[%mdl 512]} 39. hxg5 ({White should play} 39. Nc4) (39. exf6 Bd6) 39... hxg5 $17 40. Ba1 (40. Nc4 $17 {was called for.}) 40... Nd3 41. Ne2 fxe5 42. Bc3 {[#]} (42. Nc3 $17) 42... Bc5 (42... Bd6 $1 $19 43. Ba5 e4+ 44. Kg2 Nf4+ 45. Nxf4+ gxf4) 43. Ba5 Nf4 44. Ng1 e4 45. Nc4 (45. Bd8 $17 {is a better defense.}) 45... Nd3 46. Bb6 Bb4 47. Bd4 Kh6 48. Be3 Bd5 49. Nd2 Bd6+ 50. Kg2 Nf4+ 51. Kf1 Bc6 (51... Bb4 $19 {and Black stays clearly on top. Threatens to win with ...Bc6.} 52. Ke1 Nd3+ 53. Ke2 Nf4+ 54. Ke1 Nd3+ 55. Kd1 Ne5) 52. Ne2 Nxe2 53. Kxe2 {[%mdl 4096] Endgame KBB-KBN} Kg6 54. f3 exf3+ 55. Nxf3 Bb5+ 56. Kf2 Bf4 57. Bd4 Kf7 58. Ne5+ Ke8 59. Bb2 Ba4 60. Bc3 Bc2 61. Bd4 Ke7 62. Nf3 Bd1 63. Ne5 Kd6 64. Nf7+ Ke7 65. Ne5 Bc2 66. Nf3 Bb1 67. Ne5 Be4 (67... Kf6 $5 {[%cal Rf4e5]} 68. Nd7+ Kf7 69. Ne5+ Ke7 $17) 68. Ke2 Kd8 69. Nf7+ Ke8 70. Ne5 Ke7 71. Kf2 Bc2 (71... Kf6 $5 {[%cal Rf4e5]} 72. Nd7+ Ke7 $17) 72. Nf3 Bb3 73. Ne5 {The position is equal.} Bd1 74. Ng6+ Kd6 {Strongly threatening ...Bc1.} 75. Nxf4 {Ne2 is the strong threat.} gxf4 $11 {KB-KB} 76. Bc3 Bxg4 77. Bd2 Ke5 78. Bc1 Ke4 79. Bd2 e5 80. Bc3 Kd5 81. Bb2 Bh5 82. Bc3 e4 {Hoping for ...e3+.} 83. Bd2 Ke5 84. Bc1 $1 {Precision: White = 61%, Black = 67%.} 1/2-1/2

[Event "Teplice Open 2017"]
[Site "Teplice"]
[Date "2017.06.14"]
[Round "5"]
[White "Kirk, Ezra"]
[Black "Dragun, Kamil"]
[Result "0-1"]
[WhiteElo "2324"]
[BlackElo "2614"]
[Annotator "TA"]
[PlyCount "82"]
[EventDate "2017.??.??"]
[EventCountry "CZE"]
[SourceTitle "playchess.com"]
[Source "ChessBase"]
[SourceQuality "1"]

{[%evp 26,82,131,112,179,182,181,168,184,147,157,137,160,165,144,164,149,144,177,103,128,77,80,79,96,89,83,83,94,-40,67,45,43,66,71,-19,-28,-21,-31,-29,-44,-50,-57,-96,-63,-58,-63,-129,-98,-387,-402,-396,-381,-402,-401,-392,-386,-901,-549]} 1. e4 c5 2. Nf3 e6 3. d4 cxd4 4. Nxd4 a6 5. c4 Nf6 6. Nc3 Qc7 7. Be2 d6 8. O-O Be7 9. Be3 O-O 10. f4 b6 11. Rc1 Bb7 12. Bf3 Nbd7 13. g4 {[%cal Bg2g4,Bg4g5][%mdl 32] B41: Sicilian: Kan Variation: 5 c4} (13. f5 e5 14. Nd5 Qd8 15. Nb3 Nxd5 16. cxd5 Nc5 17. Rc3 a5 18. Nd2 Bg5 19. Bxg5 Qxg5 20. Be2 Qf6 {1-0 (37) Mastrovasilis,D (2607)-Manea,A (2382) Calimanesti 2014}) 13... Nc5 14. Qc2 {LiveBook: 7 Games} a5 (14... h6 $16) 15. g5 {Threatens to win with Ndb5.White is clearly better.} Nfd7 16. h4 $146 ({Predecessor:} 16. b3 Rfe8 17. Qg2 Bf8 18. Rfd1 Qb8 19. Ndb5 g6 20. h4 e5 {1-0 (44) Gomez Polo,V-Mendoza,R (2340) Bogota 1992}) 16... Rae8 17. a3 {[%cal Ba2a3,Ba3b4][%mdl 32]} Qb8 18. b4 axb4 19. axb4 e5 20. Nf5 exf4 21. Bxf4 (21. bxc5 fxe3 22. cxb6 Bd8 $15) 21... Ne6 22. Be3 (22. Bg3 $18 {Nd5 is the strong threat.} g6 23. Nxe7+ Rxe7 24. Qd2 (24. Nd5 Bxd5 25. cxd5 Nd4 $16)) 22... Ne5 $16 23. Nd5 ({Much weaker is} 23. Bxb6 $6 Bc6 $11) (23. Be2 $142) 23... Bd8 24. Qg2 Kh8 25. Be2 f6 26. gxf6 Bxf6 27. h5 ({Much worse is} 27. Nxb6 $6 g6 $11) ({Better is} 27. Kh1 $16) 27... Nd7 ({Black should try} 27... h6 $1 $15) 28. Rf2 {[%cal Bf1f2,Bf2g2,Bg2g4][%mdl 32]} ({Of course not} 28. Nxf6 gxf6 29. Nh6 Ne5 $15) 28... Be5 29. Rcf1 Qd8 30. Qh3 (30. Bd1 $16) 30... Ng5 $11 31. Bxg5 $1 Qxg5+ 32. Rg2 Qd8 $1 33. Bd3 Rf7 34. Kh1 Nf8 {[%cal Bd7f8,Bf8e6,Be6f4][%mdl 32]} 35. Rg4 Ne6 36. Qg2 (36. Qh4 $15) 36... Ref8 37. Rg1 $2 {[%mdl 8192] [#]} (37. b5 $17) 37... Bxd5 $19 38. cxd5 Nf4 39. Rxf4 Bxf4 40. Qg4 Be5 {[#] Strongly threatening ...g6!} 41. Bb5 $2 (41. Kg2) 41... Ra7 {Precision: White = 21%, Black = 65%.} 0-1

[Event "Teplice Open 2017"]
[Site "Teplice"]
[Date "2017.06.14"]
[Round "5"]
[White "Rubes, Jan"]
[Black "Stefansson, Hannes"]
[Result "1/2-1/2"]
[WhiteElo "2323"]
[BlackElo "2548"]
[Annotator "TA"]
[PlyCount "81"]
[EventDate "2017.??.??"]
[EventCountry "CZE"]
[SourceTitle "playchess.com"]
[Source "ChessBase"]
[SourceQuality "1"]

{[%evp 14,81,27,16,46,43,34,37,38,37,40,28,37,33,37,32,54,51,74,52,49,49,49,45,41,50,74,84,62,56,36,33,43,34,39,35,55,50,88,87,90,80,103,10,14,10,0,0,0,0,0,0,0,0,0,0,0,0,0,0,0,0,0,0,0,0,0,0,0,0]} 1. e4 e6 2. d4 d5 3. exd5 exd5 4. Bd3 Nc6 5. c3 Bd6 6. Qf3 Nge7 7. Ne2 O-O {C01: French: Exchange Variation} 8. Bf4 {LiveBook: 6 Games} Be6 (8... Re8 9. O-O Be6 10. Nd2 Ng6 11. Bxd6 Qxd6 12. Rfe1 Re7 13. Qg3 Qxg3 14. hxg3 Rae8 {½-½ (47) Bruedigam,M (2375)-Vidit,S (2651) Berlin 2015}) 9. Nd2 Qd7 {White is slightly better.} 10. Bxd6 Qxd6 11. O-O Qd7 12. h3 (12. Nf4 {seems wilder.} Bg4 13. Qg3 Bf5 14. Bxf5 Nxf5 15. Qg4) 12... Bf5 13. Nf4 Bxd3 14. Nxd3 $146 ({Predecessor:} 14. Qxd3 Ng6 15. Nxg6 hxg6 16. Rfe1 {1-0 (59) Blaskowski,J (2280)-Jellinghaus,L (2301) Ruhrgebiet 1998}) 14... Qd6 15. Rfe1 Ng6 16. Re3 (16. Nf1 {with more complications.} b6 17. g3 Rad8 18. Ne3 Nce7 19. h4) 16... Rae8 17. Rae1 Rxe3 18. Qxe3 Nd8 19. f4 {[%cal Bf2f4,Bf4f5][%mdl 32]} Nc6 20. f5 Nge7 21. Rf1 f6 22. Qf3 Nd8 23. Re1 b6 24. Nf1 Nf7 25. Ng3 Qd7 26. Nf4 Nh6 27. Ne6 {Strongly threatening Nh5.} Re8 {[#]} 28. Qf4 (28. Re2 $1 $16 {Black must now prevent Nh5.} Kh8 29. Qf4 Nexf5 30. Nxf5 Rxe6 31. Rxe6 Qxe6 32. Nxh6 gxh6 33. Qxc7) 28... Ng6 $11 {The position is equal.} 29. fxg6 hxg6 30. Kf2 Rxe6 31. Rxe6 Qxe6 32. Qxc7 a5 33. Qf4 g5 34. Qe3 Qd7 35. b3 Nf7 36. c4 f5 {[#] Threatens to win with ...f4.} 37. Ne2 Nd6 38. cxd5 {And now Qe6+ would win.} Ne4+ 39. Kg1 Qxd5 40. Nc3 Nxc3 41. Qxc3 {Precision: White = 63%, Black = 75%.} 1/2-1/2

[Event "Teplice Open 2017"]
[Site "Teplice"]
[Date "2017.06.14"]
[Round "5"]
[White "Pultorak, Jan"]
[Black "Cernousek, Lukas"]
[Result "1/2-1/2"]
[WhiteElo "2302"]
[BlackElo "2464"]
[Annotator "TA"]
[PlyCount "108"]
[EventDate "2017.??.??"]
[EventCountry "CZE"]
[SourceTitle "playchess.com"]
[Source "ChessBase"]
[SourceQuality "1"]

{[%evp 29,108,22,28,20,29,10,11,12,15,26,78,95,88,79,83,88,89,81,65,75,90,70,57,59,77,59,64,58,56,53,52,54,54,59,60,54,54,54,61,46,46,46,61,60,60,49,50,46,50,49,49,49,49,49,54,54,54,50,49,49,50,49,49,49,49,25,49,25,25,25,67,67,67,67,67,67,67,67,67,10,10]} 1. d4 Nf6 2. Nf3 g6 3. c4 Bg7 4. Nc3 d5 5. Qb3 dxc4 6. Qxc4 O-O 7. e4 a6 8. Be2 b5 9. Qb3 c5 10. dxc5 Be6 11. Qc2 {D97: Grünfeld: Russian System: 7 e4, replies other than 7...Bg4} Nbd7 12. Be3 Rc8 13. Rd1 b4 14. Nd5 Bxd5 15. exd5 Nxc5 {LiveBook: 66 Games} 16. O-O ({Much weaker is} 16. Bxc5 Qa5 $15) 16... Nce4 17. Qd3 ({Predecessor:} 17. Qb3 Qd6 18. g3 Rfd8 {1-0 (35) Seliverstov,V (2420)-Heinemann,J (2286) Pardubice 2015}) 17... Qd6 18. g3 $146 (18. Qxa6 Rc2 {½-½ (67) Giri,A (2755)-Nepomniachtchi,I (2740) Moscow 2016}) 18... Nc5 19. Qc4 Rfd8 (19... Na4 $11 20. Qxa6 Nxb2) 20. Bf4 $16 Qb6 {[#]} 21. Ne5 $1 {[%cal Re5c6] And now Nc6 would win.} e6 22. dxe6 Nxe6 23. Rxd8+ Rxd8 24. Be3 Qc7 25. Qxc7 Nxc7 26. Nc6 Re8 $1 27. Nxb4 Nfd5 28. Nxd5 Nxd5 29. Bxa6 {Black must now prevent Bc1.} Nxe3 30. fxe3 {aiming for Bc4.} Bxb2 $14 {[%mdl 4096] Endgame KRB-KRB} 31. Bc4 Re7 32. Kf2 Ba3 33. Kf3 Kg7 34. Bd5 f5 35. Rb1 Kf6 36. Rb6+ Kg5 37. h4+ Kh5 38. Ra6 (38. Rb3 $5 {[%cal Rb3a3]} Ra7 39. Bc6 $16) 38... Bc5 39. e4 fxe4+ 40. Bxe4 Rf7+ 41. Kg2 Ra7 42. Rxa7 Bxa7 {KB-KB} 43. Kf3 Bc5 44. a4 Bb6 45. Bd5 (45. Kg2 {is interesting.} Kh6 46. g4 Ba5 47. Kf2 Bd8 48. Kg3) 45... Bd8 46. Be6 Kh6 47. Bg4 Bc7 48. Kg2 Kg7 49. h5 gxh5 50. Bxh5 Kf6 51. Kf3 Ke5 52. Be8 Kd4 53. g4 h6 54. Bb5 ({White should play} 54. Bg6 $14) 54... Ke5 {Precision: White = 62%, Black = 63%.} 1/2-1/2

[Event "Teplice Open 2017"]
[Site "Teplice"]
[Date "2017.06.14"]
[Round "5"]
[White "Liska, Jiri"]
[Black "Nagy, Gabor"]
[Result "0-1"]
[WhiteElo "2258"]
[BlackElo "2447"]
[Annotator "TA"]
[PlyCount "48"]
[EventDate "2017.??.??"]
[EventCountry "CZE"]
[SourceTitle "playchess.com"]
[Source "ChessBase"]
[SourceQuality "1"]

{[%evp 12,48,31,20,24,-20,-13,-20,-20,-85,-89,-86,-87,-81,-92,-116,-114,-128,-116,-102,-126,-193,-175,-190,-113,-129,-125,-325,-337,-330,-268,-268,-231,-219,-226,-334,-322,-412,-198]} 1. Nf3 c5 2. c4 Nc6 3. d4 cxd4 4. Nxd4 Qb6 5. Nb3 e6 6. Nc3 Nf6 7. e4 Bb4 {A31: Symmetrical English: 2 Nf3 Nf6 3 d4} 8. Be3 (8. Bd3 O-O 9. O-O Bxc3 10. bxc3 d6 11. Bg5 Nd7 12. Be2 Qc7 13. Nd4 Nxd4 14. cxd4 b6 15. Qd3 {½-½ (46) Jumabayev,R (2614)-Utegaliev,A (2516) Almaty 2017}) 8... Qc7 9. f3 O-O {The position is equal.} 10. Qd2 {[#]} (10. Bd2 $11) 10... d5 $146 {[%mdl 512]} ({Predecessor:} 10... Ne5 11. a3 Nxc4 12. Bxc4 Qxc4 13. axb4 Qxb3 14. Rxa7 Rxa7 15. Bxa7 Qxb4 {1-0 (27) Moreno Bermudez,J (1782)-Alzate Munoz,M Bogota 2012}) 11. a3 (11. cxd5 exd5) 11... Bxc3 $1 12. Qxc3 dxe4 13. O-O-O b6 14. Be2 Bb7 15. f4 Rac8 16. g4 {[#]} (16. Kb1 $17 {was called for.}) 16... Ne7 $1 $19 {White must now prevent ...Nfd5!} 17. Kb1 {[#]} b5 ({Black should play} 17... Nfd5 $1 $19 {[%mdl 512]} 18. Qd2 (18. cxd5 Qxc3) 18... Nxe3 19. Qxe3 Ng6) 18. g5 $17 Nd7 19. Bd4 $2 (19. Nd4 $17 {keeps fighting.} a6 20. Qb4) 19... bxc4 $19 20. Rc1 Qxf4 21. Qb4 Nf5 ({Wrong is} 21... Qxg5 $2 22. Rcg1 $18) 22. Qxb7 Rc7 23. Qb4 (23. Qb5 $142 Rb8 24. Qa4) 23... cxb3 24. Rcf1 Qd6 {Precision: White = 36%, Black = 62%.} (24... Qh4 $142 25. Bb5 Rb8) 0-1

[Event "Teplice Open 2017"]
[Site "Teplice"]
[Date "2017.06.14"]
[Round "5"]
[White "Worek, Joanna"]
[Black "Ahlander, Bjorn"]
[Result "0-1"]
[WhiteElo "2255"]
[BlackElo "2423"]
[Annotator "TA"]
[PlyCount "100"]
[EventDate "2017.??.??"]
[EventCountry "CZE"]
[SourceTitle "playchess.com"]
[Source "ChessBase"]
[SourceQuality "1"]

{[%evp 19,100,6,33,0,10,0,0,0,0,0,0,6,0,-14,31,4,41,17,8,0,0,-8,0,-20,0,0,35,-9,22,22,22,29,31,19,28,0,28,0,8,0,0,-59,-58,-117,-113,-130,-126,-145,-125,-205,-172,-178,-162,-257,-210,-302,-311,-326,-258,-556,-553,-620,-529,-671,-629,-627,-630,-830,-628,-603,-604,-591,-588,-819,-803,-597,-415,-374,-304,-12840,-12840,-12839,-12838]} 1. e4 c5 2. Nf3 d6 3. d4 cxd4 4. Nxd4 Nf6 5. Nc3 a6 6. Be3 e5 7. Nb3 Be6 8. Qd2 Nbd7 9. f3 h5 10. O-O-O b5 {LiveBook: 49 Games. B90: Sicilian Najdorf: Unusual White 6th moves, 6 Be3 Ng4 and 6 Be3 e5} 11. a3 (11. Nd5 Rc8 12. g3 Bxd5 13. exd5 Nb6 14. Bh3 Nc4 15. Qe2 Rc7 16. Bg5 Be7 17. f4 Ng4 18. Bxg4 hxg4 19. Bxe7 Qxe7 {½-½ (38) So,W (2770)-Carlsen,M (2855) Leuven 2016}) 11... Qc7 12. Nd5 $146 ({Predecessor:} 12. Kb1 Be7 13. f4 Nb6 14. Bxb6 Qxb6 15. f5 Bxb3 16. cxb3 Qb7 17. Qe3 Rc8 18. Bd3 {0-1 (52) Georgiadis,N (2266)-Gantner,M (2291) Switzerland 2011}) 12... Bxd5 {The position is equal.} 13. exd5 Nb6 14. Bxb6 $1 Qxb6 15. Kb1 g6 16. Qa5 Qb7 17. Qb4 (17. f4 $5) 17... Be7 18. g3 (18. Na5 $5 {[%cal Ra5b7]} Qc7 19. c4 $11) 18... O-O 19. Bh3 Qb6 20. Na5 Rfe8 21. Rhe1 Bf8 22. Re2 Ra7 23. Qd2 Nxd5 24. Qxd5 {[#] Black must now prevent Nb3.} Qxa5 25. f4 Qc7 26. f5 Qc4 27. Qf3 Rc7 (27... e4 $5 {[%cal Re4f3]} 28. Qe3 Qc5 $11) 28. fxg6 fxg6 29. Bg2 e4 $36 {[%mdl 2048] Black is pushing.} 30. Qe3 (30. Qb3 $11) 30... d5 $15 31. Rd4 (31. Bf1 $15) 31... Qc5 $17 32. Qd2 Re5 33. c3 Kh7 34. g4 (34. Qd1 $17) 34... Bh6 35. Qe1 hxg4 36. Qg3 (36. h3 $142) 36... Rf5 $19 37. Qxg4 (37. h3 {was necessary.}) 37... a5 {[%cal Ba6a5,Ba5b4][%mdl 32] ...b4! is the strong threat.} 38. Qg3 Rcf7 39. Qb8 $2 (39. Rd1 {keeps fighting.}) 39... Bg7 40. Rdd2 Qc4 {[#] ( -> ...Rf1+)} 41. Qg3 b4 42. cxb4 axb4 43. Rc2 Qd4 44. Red2 Qg1+ 45. Rc1 Qb6 46. Bxe4 dxe4 47. Rd6 Qf2 {[%csl Gg7][%cal Rf2b2]} 48. Qxg6+ Kh8 {[%csl Gg7][%cal Rf2b2]} 49. Rc2 $2 (49. Rd8+ Rf8 50. Rxf8+ Rxf8 51. Qh5+ Kg8 52. Qd5+ Qf7 53. Qxf7+ Rxf7 54. Rc8+ Kh7 55. Kc1) 49... Qf1+ 50. Rc1 Qe2 {Precision: White = 21%, Black = 65%.} 0-1

[Event "Teplice Open 2017"]
[Site "Teplice"]
[Date "2017.06.16"]
[Round "7"]
[White "Rausis, Igors"]
[Black "Nabaty, Tamir"]
[Result "1/2-1/2"]
[WhiteElo "2617"]
[BlackElo "2644"]
[Annotator "TA"]
[PlyCount "175"]
[EventDate "2017.??.??"]
[EventCountry "CZE"]
[SourceTitle "playchess.com"]
[Source "ChessBase"]
[SourceQuality "1"]

{[%evp 11,175,28,42,32,32,21,31,43,84,91,107,57,81,75,70,55,51,51,51,50,67,54,50,47,55,57,64,64,90,90,103,71,82,65,103,84,107,100,100,100,100,100,93,96,109,110,113,86,83,83,102,100,102,102,98,99,107,108,100,99,98,83,138,27,31,0,0,0,53,0,0,0,4,11,31,20,87,80,95,92,108,120,108,109,1012,1012,29986,29987,29987,292,29988,29989,29992,29993,29993,29994,29994,0,117,114,114,123,121,121,121,120,125,125,121,121,138,121,188,180,143,4,4,0,0,0,0,0,0,0,0,0,0,0,0,0,0,0,0,0,0,0,0,0,0,0,0,0,0,0,0,0,0,0,0,0,0,0,0,0,0,0,0,0,0,0,0,0,0,0,0,0]} 1. d4 d5 2. c4 e6 3. Nf3 Nf6 4. g3 dxc4 5. Bg2 Nc6 6. Qa4 Bd6 7. Ne5 {E04: Open Catalan: 5 Nf3} Bxe5 8. Bxc6+ bxc6 9. dxe5 {White is slightly better.} Nd5 $146 ({Predecessor:} 9... Qd5 10. O-O Ne4 11. Na3 Nc5 12. Qa5 O-O 13. Be3 Nd7 14. Qxc7 c3 15. bxc3 {1-0 (30) Ragger,M (2614)-Baumegger,S (2389) Vienna 2010}) 10. Qxc6+ Bd7 11. Qc5 Qe7 12. Qxe7+ Kxe7 13. Na3 c3 14. bxc3 Nxc3 15. Bd2 Na4 16. O-O Rhc8 17. Rfc1 Rab8 18. f3 Bb5 19. Rab1 a6 20. Kf2 f6 21. Bf4 f5 22. Be3 Kd7 23. Rb3 Bc6 24. Rd3+ Bd5 25. g4 fxg4 26. Rd4 (26. fxg4 $6 Rb2 $11) 26... Nb6 {White should prevent ...gxf3.} 27. Rxg4 g6 28. Rc2 Ke8 29. Rh4 h5 30. Rd4 c5 31. Rdd2 Nd7 32. Bf4 Rb4 33. e4 Ra4 34. exd5 exd5 35. Be3 Rxa3 36. Rxd5 c4 (36... Nf8 $142) 37. Rb2 (37. e6 $1 $16 {[%cal Re6d7]} Nf6 38. Rg5) 37... Rd3 $1 $11 {[%cal Rd3d5]} 38. Ra5 Rc6 39. f4 Ke7 ({Black should try} 39... Nf8 $11) 40. Rc2 (40. Kf3 $1 $14) 40... Ke6 41. Kf3 Nb6 {aiming for ...c3.} 42. Ke4 {Bd4 is the strong threat.} (42. Rxa6 $2 Rxe3+ $1 {[%mdl 512]} 43. Kxe3 Nd5+ 44. Ke4 Rxa6 $19) 42... Nd5 43. Bd4 Nb4 (43... Ne7 $11) 44. Rg2 $1 $36 {[%mdl 2048] White is on the roll.} (44. Rb2 $6 c3 $11) 44... c3 {Threatens to win with ...c2.} 45. Bc5 $1 {[%cal Rc5b4]} (45. Rxg6+ Kf7 $11) 45... Rd1 46. Bxb4 (46. Rxg6+ $6 Kf7 $11) 46... Rc4+ 47. Ke3 c2 $2 {[%mdl 8192]} (47... Rxb4 $16 48. Rxg6+ (48. Rxa6+ Ke7 $16) 48... Ke7) 48. Rxa6+ $18 Kf7 49. Rf6+ Ke8 50. Rf8+ Kd7 51. e6+ Kxe6 52. Rxg6+ Kd7 53. Rg7+ $1 Ke6 54. Rg6+ $2 (54. Re7+ {mates} Kd5 55. Rf5+ Kc6 56. Rf6+ Rd6 57. Rxd6+ Kb5 58. Rb7+ Ka4 59. Ra6#) 54... Kd7 $16 55. Rf7+ Ke8 56. Re7+ Kf8 {[#]} 57. Rc7+ $1 Rxb4 {[%mdl 4096] Endgame KRR-KRR} 58. Rf6+ Kg8 59. Rxc2 Re1+ 60. Kf2 Ra1 61. Kg3 Rg1+ {[#]} (61... Kg7 $16 62. Rf5 Rg1+ 63. Kf2 Ra1) 62. Kh4 $1 $18 Kg7 63. Rf5 ({Only move:} 63. Rcc6 $16) 63... Kg6 $11 {The position is equal.} 64. Rcc5 (64. Rf8 {feels hotter.} Rg4+ 65. Kh3 Rbxf4 66. Rg8+ Kf5 67. Rc5+) 64... Rg4+ 65. Kh3 Rbxf4 66. Rxf4 Rxf4 {KR-KR} 67. Rc3 Rf2 68. a3 Ra2 69. Kg3 h4+ 70. Kh3 ({Don't take} 70. Kxh4 Rxh2+ 71. Kg3 Rb2 $14) 70... Kf6 71. Rc6+ Kf5 72. Ra6 Kg5 73. Ra4 Kf5 74. Ra8 Kg5 75. Ra7 Kf5 76. Ra6 Kg5 77. Ra4 Kf5 78. Ra5+ Kf6 79. a4 Kg6 80. Ra8 Kg5 81. Rg8+ Kh5 $1 82. Rh8+ (82. a5 $5) 82... Kg5 $1 83. Rg8+ (83. a5 $5) 83... Kh5 $1 84. Rh8+ Kg5 $1 85. Rg8+ (85. a5 $5) 85... Kh5 $1 86. Rh8+ Kg5 $1 87. Rg8+ Kh5 $1 88. Rh8+ {Precision: White = 75%, Black = 68%.} 1/2-1/2

[Event "Teplice Open 2017"]
[Site "Teplice"]
[Date "2017.06.16"]
[Round "7"]
[White "Sengupta, Deep"]
[Black "Dragun, Kamil"]
[Result "0-1"]
[WhiteElo "2594"]
[BlackElo "2614"]
[Annotator "TA"]
[PlyCount "74"]
[EventDate "2017.??.??"]
[EventCountry "CZE"]
[SourceTitle "playchess.com"]
[Source "ChessBase"]
[SourceQuality "1"]

{[%evp 11,74,-19,0,0,0,0,0,0,0,0,0,-1,-9,-29,-29,-15,-12,-14,-35,-56,-56,-52,-56,-58,-50,-43,-43,-43,-39,-43,-43,-43,-43,-43,-43,-43,-41,-33,-19,-112,-46,-45,-48,-49,0,-40,-20,-22,-14,-44,0,-23,-12,-33,-8,-292,-141,-192,-175,-138,-124,-943,-909,-29996,-29997]} 1. Nf3 d5 2. c4 d4 3. g3 Nc6 4. Bg2 e5 5. O-O Nf6 6. d3 Bd6 7. e3 {A09: Réti Opening: 1 Nf3 d5 2 c4} O-O 8. exd4 Nxd4 (8... exd4 9. Bg5 h6 10. Bxf6 Qxf6 11. Nbd2 Bf5 12. Qb3 Rab8 13. Nh4 Bh7 14. Ne4 Qd8 {1-0 (37) Petrosian,T (2611)-Carlsen,M (2851) chess.com INT 2016}) 9. Nxd4 {The position is equal.} exd4 10. Nd2 Re8 11. Ne4 Nxe4 12. dxe4 c5 13. f4 Bf8 14. Qd3 $146 ({Predecessor:} 14. e5 Rb8 {0-1 (41) Brusiani,A (1970)-Panov,O (2129) ICCF email 2012}) 14... b5 15. b3 bxc4 16. bxc4 Rb8 17. Bd2 Ba6 18. Rab1 Qd7 19. Rb3 Rb6 20. e5 Bb7 21. Bxb7 Qxb7 22. Ba5 Rxb3 23. axb3 Re6 24. Bd2 g6 (24... Rb6 $5 {[%cal Rb6b3]} 25. Rb1 Be7 $15) 25. Rf3 {[#]} (25. Qf3 $11 Qxf3 26. Rxf3) 25... Bg7 (25... Ra6 $1 $17 26. Bc1 Ra1) 26. Kf2 Ra6 27. Qb1 $1 Re6 28. h4 Ra6 29. g4 {[%cal Bg3g4,Bg4g5][%mdl 32]} Qd7 30. Rg3 f6 31. exf6 Bxf6 32. g5 Bg7 $36 {[%mdl 2048] Black fights for an advantage.} 33. f5 $2 {[%mdl 8192]} (33. h5 $11) 33... gxf5 (33... Be5 $19 {is more deadly.} 34. Rf3 d3) 34. Rf3 {[#]} (34. Qh1 $17) 34... d3 $1 $19 {[%mdl 512]} 35. Rxd3 {[#]} (35. Qxd3 Rd6) 35... Bd4+ $1 36. Kg2 $2 {[%mdl 8192]} (36. Be3 $17) 36... Ra1 37. Qc2 Qc6+ {Precision: White = 43%, Black = 53%.} 0-1